Ideological control in nonideological organizations /

Bibliographic Details
Main Author: Czarniawska-Joerges, Barbara
Format: Book
Language:English
Published: New York : Praeger, 1988.
Subjects:

MARC

Tag First Indicator Second Indicator Subfields
LEADER 00000cam a2200000 a 4500
001 in00000028237
005 20151007060032.0
008 871116s1988 nyua b 00110 eng
010 |a  87032759  
020 |a 0275927946 (alk. paper) 
035 |a (OCoLC)17108659 
035 |9 AAB9934AM 
040 |a DLC  |c DLC  |d TXA  |d UtOrBLW 
049 |a TXAM  |c [A11506553] 
050 0 0 |a HD58.9  |b .C92 1988 
082 0 |a 658.4/03  |2 19 
100 1 |a Czarniawska-Joerges, Barbara. 
245 1 0 |a Ideological control in nonideological organizations /  |c Barbara Czarniawska-Joerges. 
264 1 |a New York :  |b Praeger,  |c 1988. 
300 |a x, 143 pages :  |b illustrations ;  |c 22 cm. 
336 |a text  |b txt  |2 rdacontent 
337 |a unmediated  |b n  |2 rdamedia 
338 |a volume  |b nc  |2 rdacarrier 
504 |a Bibliography: pages [129]-137. 
500 |a Includes index. 
650 0 |a Organizational effectiveness. 
650 0 |a Executives. 
650 0 |a Control (Psychology) 
650 0 |a Autonomy (Psychology) 
999 |a MARS 
999 f f |s f21c4a56-a01c-3e8b-b8d2-c80a4e195dca  |i 2fda36b9-6ea3-32e9-a77e-d79b9eef9856  |t 0 
952 f f |p ric  |a Texas A&M University  |b Rellis Campus  |c Joint Library Facility  |d Remote Storage  |t 0  |e HD58.9 .C92 1988  |h Library of Congress classification  |i unmediated -- volume  |m A14811506553 
998 f f |a HD58.9 .C92 1988  |t 0  |l Remote Storage